| 000 | 01029nam a2200289 a 4500 | ||
|---|---|---|---|
| 001 | 3017455 | ||
| 005 | 20220222120150.0 | ||
| 008 | 940218s1994 njua 000 0 eng | ||
| 010 | _a 94065557 | ||
| 020 | _a0878919252 | ||
| 040 |
_aDLC _cDLC |
||
| 050 | 0 | 0 |
_aQA611.19 _b.M55 1994 |
| 082 | 0 | 0 |
_a514/.3/076 _220 |
| 100 | 1 | _aMilewski, Emil G. | |
| 245 | 1 | 4 |
_aThe topology problem solver : _ba complete solution guide to any textbook / _cEmil G. Milewski. |
| 260 |
_aPiscataway, N.J. : _bResearch and Education Association, _cc1994. |
||
| 300 |
_aix, 733 p. : _bill. ; _c26 cm. |
||
| 440 | 0 | _aREA's problem solvers | |
| 500 | _aSpine title: Topology. | ||
| 500 | _aIncludes index. | ||
| 650 | 0 |
_aTopology _xProblems, exercises, etc. |
|
| 710 | 2 | _aResearch and Education Association. | |
| 740 | 0 | _aTopology. | |
| 906 |
_a7 _bcbc _corignew _d2 _eopcn _f19 _gy-gencatlg |
||
| 942 |
_2lcc _cBOOKS _hQA 611.19 .M55 1994 |
||
| 999 |
_c31091 _d31091 |
||